[Event "Henderson Trusts op-B 43rd"]
[Site "Henderson"]
[Date "2021.06.05"]
[Round "2"]
[White "Gong, Jie"]
[Black "Joel, Chris"]
[Result "0-1"]
[WhiteElo "1475"]
[BlackElo "1540"]
[PlyCount "102"]
[EventDate "2021.06.05"]
[EventType "swiss"]
[EventRounds "6"]
[EventCountry "NZL"]
[SourceTitle "EXT 2024"]
[Source "ChessBase"]
[SourceDate "2023.10.10"]
[SourceVersion "1"]
[SourceVersionDate "2023.10.10"]
[SourceQuality "1"]

1. d4 d5 2. Bf4 Bf5 3. e3 e6 4. Nf3 Nd7 5. c4 Ngf6 6. Bd3 Bxd3 7. Qxd3 Bb4+ 8. Nbd2 0-0 9. 0-0 Bxd2 10. Nxd2 Re8 11. cxd5 exd5 12. Rac1 c6 13. Qb3 Nb6 14. Nf3 Qe7 15. h3 Ne4 16. Qc2 h6 17. Ne5 Rac8 18. f3 Nf6 19. b3 Nbd7 20. Qf2 Nxe5 21. Bxe5 Nd7 22. Bf4 g5 23. Bg3 Qxe3 24. Qxe3 Rxe3 25. Rfe1 Rce8 26. Kf2 Rxe1 27. Rxe1 Rxe1 28. Kxe1 f5 29. Bd6 Kf7 30. g3 Ke6 31. Bc7 b6 32. b4 c5 33. bxc5 bxc5 34. dxc5 Nxc5 35. Kd2 Kd7 36. Bb8 a6 37. Ke3 Ne6 38. Be5 h5 39. f4 g4 40. hxg4 hxg4 41. Kd3 Kc6 42. Bd4 Nc5+ 43. Bxc5 Kxc5 44. Kc3 d4+ 45. Kd3 Kd5 46. a3 a5 47. a4 Kc5 48. Kd2 Kc4 49. Kc2 d3+ 50. Kd2 Kd4 51. Kd1 Ke3 0-1

[Event "Henderson Trusts op-B 43rd"]
[Site "Henderson"]
[Date "2021.06.05"]
[Round "1"]
[White "Joel, Chris"]
[Black "Chen, Matthew1111"]
[Result "0-1"]
[WhiteElo "1540"]
[BlackElo "1462"]
[PlyCount "70"]
[EventDate "2021.06.05"]
[EventType "swiss"]
[EventRounds "6"]
[EventCountry "NZL"]
[SourceTitle "EXT 2024"]
[Source "ChessBase"]
[SourceDate "2023.10.10"]
[SourceVersion "1"]
[SourceVersionDate "2023.10.10"]
[SourceQuality "1"]

1. d4 Nf6 2. Nf3 g6 3. g3 Bg7 4. Bg2 0-0 5. b3 d6 6. Bb2 Nbd7 7. Nbd2 c5 8. dxc5 Nxc5 9. 0-0 e5 10. Nc4 e4 11. Nd4 d5 12. Ne3 Ng4 13. Nxg4 Bxg4 14. h3 Bd7 15. e3 b5 16. b4 Na4 17. Ba3 Qb6 18. Qd2 Rac8 19. Rab1 Bxd4 20. exd4 Rc4 21. Qg5 Be6 22. h4 f6 23. Qh6 Bf5 24. Bc1 Nc3 25. Be3 Nxb1 26. Rxb1 Rfc8 27. h5 gxh5 28. Qxh5 Qe6 29. Kh2 Bg4 30. Qh4 h5 31. Rh1 Rxc2 32. Kg1 Rxa2 33. Bf1 Qf5 34. Bxb5 Rcc2 35. Rh2 Ra1+ 0-1